Sports Quiz

Random Sports or Soccer Quiz

Premiership UEFA European Championship winners Quiz Stats

 Plays Quiz not verified by Sporcle

Challenge
Share
Tweet
Embed
Score 0/40 Timer 10:00
0 Plays Today
Nationality Player % Correct
SpanishFernando Torres
83.8%
FrenchThierry Henry
80.8%
DanishPeter Schmeichel
78.2%
FrenchNicolas Anelka
77.1%
GermanJurgen Klinsmann
75.6%
SpanishDavid Silva
74.2%
SpanishCesc Fabregas
73.8%
SpanishXabi Alonso
72.7%
FrenchFabien Barthez
68.6%
SpanishPepe Reina
67.9%
FrenchEmmanuel Petit
66.1%
FrenchRobert Pires
65.7%
FrenchPatrick Vieira
65.3%
FrenchLaurent Blanc
62.4%
DutchRuud Gullit
62.4%
GermanChristian Ziege
60.9%
FrenchYouri Djorkaeff
57.6%
SpanishAlvaro Arbeloa
55.4%
FrenchSylvain Wiltord
54.2%
FrenchChristophe Dugarry
52.4%
Nationality Player % Correct
DanishJohn Jensen
50.2%
FrenchFrank Leboeuf
49.4%
DanishBrian Laudrup
45.8%
FrenchDidier Deschamps
44.6%
GermanMarkus Babbel
42.1%
GreekNikos Dabizas
41.3%
GreekTheodoros Zagorakis
35.4%
FrenchChristian Karembeu
34.7%
GreekStelios Giannakopoulos
31.7%
GermanSteffen Freund
28.8%
FrenchBernard Lama
26.6%
GreekAngelos Basinas
22.1%
GermanFredi Bobic
21%
FrenchVincent Candela
18.8%
DanishTorben Piechnik
11.1%
GermanThomas Helmer
11.1%
DanishHenrik Larsen
10.3%
GreekKostas Chalkias
8.1%
GreekGeorgios Georgiadis
3.7%
GreekVassilis Lakis
1.8%

You're not logged in!

Compare scores with friends on all Sporcle quizzes.
OR
Log In

You Might Also Like...

Show Comments

Extras

Top Quizzes Today


Score Distribution

Your Account Isn't Verified!

In order to create a playlist on Sporcle, you need to verify the email address you used during registration. Go to your Sporcle Settings to finish the process.

Report this User

Report this user for behavior that violates our Community Guidelines.

Details: